Introductory operations research : (Record no. 188819)
[ view plain ]
| 000 -LEADER | |
|---|---|
| fixed length control field | 00793nam a2200241Ia 4500 |
| 005 - DATE AND TIME OF LATEST TRANSACTION | |
| control field | 20220621145233.0 |
| 008 - FIXED-LENGTH DATA ELEMENTS--GENERAL INFORMATION | |
| fixed length control field | 210716s2008 xx 000 0 und d |
| 020 ## - INTERNATIONAL STANDARD BOOK NUMBER | |
| International Standard Book Number | 9788181282828 |
| 040 ## - CATALOGING SOURCE | |
| Transcribing agency | AIMIT LIBRARY |
| 041 ## - LANGUAGE CODE | |
| Language code of text/sound track or separate title | eng |
| 082 ## - DEWEY DECIMAL CLASSIFICATION NUMBER | |
| Classification number | 003 |
| Edition number | 1 |
| Item number | KASH |
| 100 ## - MAIN ENTRY--PERSONAL NAME | |
| Personal name | Kasana, Harvir Singh. |
| 9 (RLIN) | 44177 |
| 245 ## - TITLE STATEMENT | |
| Title | Introductory operations research : |
| Remainder of title | theory and applications / |
| Statement of responsibility, etc. | By Harvir Singh Kasana ; Krishna Dev Kumar. |
| 250 ## - EDITION STATEMENT | |
| Edition statement | 1st ed. |
| 260 ## - PUBLICATION, DISTRIBUTION, ETC. | |
| Place of publication, distribution, etc. | New Delhi : |
| Name of publisher, distributor, etc. | Springer , |
| Date of publication, distribution, etc. | 2008. |
| 300 ## - PHYSICAL DESCRIPTION | |
| Extent | x,581p.; |
| Other physical details | PB |
| Dimensions | 23.5 cm. |
| 650 ## - SUBJECT ADDED ENTRY--TOPICAL TERM | |
| Topical term or geographic name entry element | Geometry of linear programming |
| 9 (RLIN) | 44178 |
| 650 ## - SUBJECT ADDED ENTRY--TOPICAL TERM | |
| Topical term or geographic name entry element | Simplex algorithm |
| 9 (RLIN) | 44242 |
| 650 ## - SUBJECT ADDED ENTRY--TOPICAL TERM | |
| Topical term or geographic name entry element | Transportation problem |
| 9 (RLIN) | 44243 |
| 650 ## - SUBJECT ADDED ENTRY--TOPICAL TERM | |
| Topical term or geographic name entry element | Dynamic programming |
| 9 (RLIN) | 44244 |
| 700 ## - ADDED ENTRY--PERSONAL NAME | |
| Personal name | Kumar, Krishna Dev. |
| 9 (RLIN) | 44179 |
| 942 ## - ADDED ENTRY ELEMENTS (KOHA) | |
| Source of classification or shelving scheme | Dewey Decimal Classification |
| Koha item type | Book |
| Edition | 1st |
| Call number prefix | 003 KASH |
| Withdrawn status | Lost status | Source of classification or shelving scheme | Damaged status | Not for loan | Collection code | Home library | Current library | Shelving location | Date acquired | Source of acquisition | Cost, normal purchase price | Inventory number | Total Checkouts | Full call number | Barcode | Date last seen | Cost, replacement price | Price effective from | Koha item type |
|---|---|---|---|---|---|---|---|---|---|---|---|---|---|---|---|---|---|---|---|
| Dewey Decimal Classification | MCA | St Aloysius Institute of Management & Information Technology | St Aloysius Institute of Management & Information Technology | Operations research | 02/12/2025 | Athulya Books | 295.00 | Bill no:295; Bill dt:2008-08-12 | 003 KASH | MCA08327 | 07/21/2025 | 230.10 | 07/16/2021 | Book | |||||
| Dewey Decimal Classification | MCA | St Aloysius Institute of Management & Information Technology | St Aloysius Institute of Management & Information Technology | Operations research | 02/12/2025 | Athulya Books | 295.00 | Bill no:505; Bill dt:2008-12-01 | 003 KASH | MCA08639 | 07/21/2025 | 295.00 | 07/16/2021 | Book | |||||
| Dewey Decimal Classification | MCA | St Aloysius Institute of Management & Information Technology | St Aloysius Institute of Management & Information Technology | Operations research | 02/12/2025 | Current Books | 295.00 | Bill no:27; Bill dt:2010-04-30 | 003 KASH | MCA09758 | 07/21/2025 | 212.40 | 07/16/2021 | Book | |||||
| Dewey Decimal Classification | MCA | St Aloysius Institute of Management & Information Technology | St Aloysius Institute of Management & Information Technology | Operations research | 02/12/2025 | Current Books | 295.00 | Bill no:27; Bill dt:2010-04-30 | 003 KASH | MCA09759 | 07/21/2025 | 212.40 | 07/16/2021 | Book | |||||
| Dewey Decimal Classification | MBA | St Aloysius Institute of Management & Information Technology | St Aloysius Institute of Management & Information Technology | Operations research | 12/15/2010 | 295.00 | Bill no:507; Bill dt:2010-09-10 | 003 KASH | MBA08529 | 05/23/2026 | 236.00 | 07/16/2021 | Book |